Food by picture! - Statistics

General Stats
  • This quiz has been taken 158 times
  • The average score is 8 of 15
Answer Stats
Picture Answer % Correct
Bagel
96%
Sushi
84%
Waffle
81%
Fried chicken
67%
Tiramisu
61%
Lasagne
60%
Octopus
55%
Tomato soup
54%
Kebab
53%
Caviar
48%
Pancake
41%
Fried rice
37%
Yorkshire pudding
35%
Fish
26%
Beef burger
11%
No matching quizzes found
Score Distribution
Percent of People with Each Score
Percentile by Number Answered
Your Score History
You have not taken this quiz